The New Rural Paradigm : Policies and Governance /

Gorde:
Xehetasun bibliografikoak
Erakunde egilea: OCDE
Formatua: Liburua
Hizkuntza:ingelesa
Argitaratua: París, Francia : OCDE, 2006, c2006
Saila:(OECD Rural Policy Reviews)
Gaiak:
Etiketak: Etiketa erantsi
Etiketarik gabe, Izan zaitez lehena erregistro honi etiketa jartzen!

MARC

LEADER 00000nam^a2200000^a^4500
001 000267558
005 20250521000000.0
009 20260310110826.954
020 |a 92-64-02390-9 
037 |a Acervo ITESO - Biblioteca 
041 |a ING 
082 |a 338. 18  |b OCD 
110 |a OCDE 
245 1 4 |a The New Rural Paradigm :  |b Policies and Governance / 
264 4 |a París, Francia :  |b OCDE,  |c 2006, c2006 
300 |a 164 p. 
336 |a texto  |b txt  |2 rdacontenido 
337 |a sin mediación  |b n  |2 rdamedio 
338 |a volumen  |b nc  |2 rdasoporte 
440 1 |a (OECD Rural Policy Reviews) 
649 |a XX 
650 |a Política Agraria -  |x Tema Principal 
650 |a Desarrollo Rural 
650 |a Agricultura -  |x Aspectos Económicos 
910 |a Fondo General 
920 |a Impresos - Libros 
930 |a Colección General 
905 |a 101 
901 |a 0500151250  |b IT1  |c ACC  |u 20250521 
902 |a https://opac.biblio.iteso.mx/vufind/Record/000267558